00850nam a2200217 a 4500001001000000003000500010005001700015008004100032010001100073011001100084040000900095100003100104245016200135260004100297500006000338502007700398650002500475650003700500650002500537856007000562000114748CHAP20220329144456.0180405s2018 mx |sm |||||||spa d a111209 a112181 cCHAP1 aRamos Fernández, Josué10aUso de paclobutrazol para mejorar rendimiento y calidad de fruto de jitomate saladette cultivado en invernaderoh[En línea]cpor Josué Ramos Fernández. aChapingo, Méx. :bEl autor,c2018. aPara ver el contenido del material haga clic en la liga aTesis (Ing. Agr. Esp. en Fitotecnia) -- UACH. Departamento de Fitotecnia14aTomatexCrecimiento.14aTomatexCultivos en invernadero.14aTomatexRendimiento. aFinding aiduhttp://10.13.5.2/tesis/sist114748.pdfzTeclea aquí